00885nam a2200229uu 4500001000800000005001700008008004100025035001200066035002100078040001300099041000800112080001200120110009000132245008500222260004300307300001800350650008200368650006600450650003700516650002600553650007600579101273020230929092502.0070129s1998 spa  a1012730 a(OCoLC)777595490 ccomduadb aspa aI-1360020aUniversidad de Antioquia. Facultad de Ingeniería. Comité de Currículo4auteaut10aDiagnóstico, perfil ocupacional y prospectiva de los programas de ingeniería aMedellín :b[sin publicador],c1998. a300 páginas aUniversidad de Antioquia. Facultad de Ingeniería - Producción intelectual aUniversidad de Antioquia. Facultad de Ingeniería - Historia aPerfil profesional del ingeniero 7aDiseño curricular2 aUniversidad de Antioquia. Facultad de Ingeniería - Reforma curricular